Διάλογος με την Αννα
Αποθηκεύτηκε σε:
| Κύριος συγγραφέας: | |
|---|---|
| Μορφή: | Βιβλίο |
| Γλώσσα: | Greek |
| Δημοσίευση: |
Αθήνα :
Libro,
1988
|
| Έκδοση: | 15η εκδ. |
| Θέματα: | |
| Ετικέτες: |
Προσθήκη ετικέτας
Δεν υπάρχουν, Καταχωρήστε ετικέτα πρώτοι!
|
MARC
| LEADER | 00000nam a2200000 i 4500 | ||
|---|---|---|---|
| 001 | 1/74173 | ||
| 008 | 960513s1988 gre d | ||
| 020 | |a 960-7009-11-8- | ||
| 035 | |a 1989 |b 2 |c Δωρεά |l 10031726 | ||
| 040 | |a GR-MY-UA |b gre |e aacr | ||
| 041 | 0 | |a gre | |
| 082 | 0 | |a 363.44 | |
| 100 | 1 | |a Μεγαπάνου, Αμαλία, |d 1929- | |
| 245 | 1 | 0 | |a Διάλογος με την Αννα / |c Αμαλία Μεγαπάνου |
| 250 | |a 15η εκδ. | ||
| 260 | |a Αθήνα : |b Libro, |c 1988 | ||
| 300 | |a 172 σ. | ||
| 650 | 0 | 0 | |a Prostitution |z Greece. |
| 650 | 0 | 0 | |a Prostitutes |x Psychology. |
| 650 | 0 | 0 | |a Social problems. |
| 852 | |a INST |b RHODES |e 19960513 |h 363.44 ΜΕΓ |p 005400003782 |q 005400003782 |t BK |y 0 | ||
| 909 | |a Ρ |b 014824 |c 1989 | ||